=LDR 00000nam 2200000 4500 =001 INLIS000000000031861 =005 20210118110243 =035 ##$$a 0010-061300000031861 =008 210118###########################0#ind## =041 ##$$a ind =082 ##$$a 333.3 =090 ##$$a 333.3, Ali a =100 ##$$a ALIP, M.Rizal =245 1#$$a Analisis kepemilikan hak atas tanah satuan rumah susundi dalam kerangka hukum benda, M.Rizal Alif =260 ##$$a 2009 :$b Bandung =300 ##$$a 240 hlm, 21 cm =650 #4$$a TANAH, PEMILIKAN =850 ##$$a NBPNMAT